| 000 | 00673nam a2200217Ia 4500 | ||
|---|---|---|---|
| 003 | GCL | ||
| 008 | 140319s9999 xx 000 0 ara d | ||
| 040 |
_aGCL / _cGCL |
||
| 082 | 0 | 4 |
_a541.24 _bا ا |
| 100 | 1 | _aاحمد عبدالوهاب | |
| 245 | 1 | 0 |
_aاساسيات العلوم الذرية الحديثة فى التراث الاسلامى / _cاحمد عبدالوهاب |
| 300 | _a232 ص | ||
| 490 | _a | ||
| 650 | 0 | 4 | _aالاسلام والعلم |
| 650 | 0 | 4 | _aالعلوم |
| 650 | 0 | 4 | _aالذرات |
| 650 | 0 | 4 | _aالعلوم عند العرب |
| 650 | 0 | 4 | _aالحضارة الاسلامية |
| 650 | 0 | 4 | _aالقنابل الذرية |
| 942 |
_2ddc _cBK |
||
| 999 |
_c37670 _d37670 |
||